000 01153nam0a22002651 4500
001 rc\3216254
005 20250609191909.0
021 _aRU
_b[74-70604]
035 _a(NLR Aleph) 007465508
090 _a7361176
_c7361176
100 _a20130115d1974 |||y0rusy50 ca
101 0 _arus
102 _aRU
105 _ay a |||||
200 1 _aСистема краеведческих библиографических пособий рекомендательного характера на современном этапе
_eЛекция для студентов-заочников по курсу "Краевед. библиогр."
_fМоск. гос. ин-т культуры. Кафедра библиогр.
210 _aМосква
_cБ. и.
_d1974
215 _a48 с.
_d19
320 _aСписок лит.: с. 46-47
606 _aБиблиография краеведческая
_jПособия для заочников
_2psbo
700 1 _aЩерба
_bН.Н.
_f1941-1993
_gНиколай Николаевич
801 0 _aRU
_bNLR
_gpsbo
801 1 _aRU
_bELAR
_2rusmarc
852 _aNLR
_jБ Б570/Щ-61
942 _cBOOK
980 _aNB